Problemy projektowania systemów informatycznych dla potrzeb zarzadzania regionem

Salvato in:
Dettagli Bibliografici
Natura: Libro
Lingua:polacco
Pubblicazione: Lódz Uniwersytet 1981
Edizione:1. wyd.
Serie:Acta Universitatis Lodziensis 12
Tags: Aggiungi Tag
Nessun Tag, puoi essere il primo ad aggiungerne!!

MARC

LEADER 00000nam a2200000 4500
001 c027542
005 20221220102509.7
041 0 |a pol 
044 |a PL 
245 1 0 |a Problemy projektowania systemów informatycznych dla potrzeb zarzadzania regionem 
250 |a 1. wyd. 
264 1 |a Lódz  |b Uniwersytet  |c 1981 
300 |a 197 s. 
490 1 |a Acta Universitatis Lodziensis  |v 12 
830 0 |a Acta Universitatis Lodziensis  |v 12